| 000 | 01738 a2200253 4500 | ||
|---|---|---|---|
| 001 | 24391 | ||
| 005 | 20260407155528.0 | ||
| 008 | 260407a1992 arg spa d | ||
| 003 | AR-UNSa-BCEJYS | ||
| 040 |
_aAR-UNSa-BCEJYS _bspa _cAR-UNSa-BCEJYS |
||
| 080 |
_a517.1 _xIntroducción al análisis. (Cálculo) |
||
| 245 | 1 | 0 |
_aEl cálculo _pcon geometría análitica |
| 020 | _a970-613-040-3 | ||
| 250 | _a6a. ed | ||
| 264 | 1 |
_aMéxico : _bHarla _c1992 |
|
| 300 |
_a1562 p. _c22 cm. |
||
| 505 | _a1. Números reales, funciones y gráfica - 2. Límites y continuidad - 3. La derivada y la diferenciación - 4. Valores extremos de funciones,técnicas de graficación y la diferencial - 5. Integral definida e integración - 6. Aplicaciones de la integral definida - 7. Funciones inversas, logaritmicas y funciones exponenciales - 8. Funciones trigonométricas inversas y funciones hiperbólicas - 9. Técnicas de integración - 10. Secciones cónicas y coordenadas polares - 11. Formas indeterminadas, integrales impropias y fórmulas de Taylor - 12. Sucesiones y series infinitas de términos constantes - 13. Serie de potencias - 14. Vectores en el plano y ecuaciones paramétricas - 15. Vectores y geometría analítica en el espacio - 16. Cálculo diferencial de funciones de más de una variable - 17. Derivadas direccionales, gradientes y aplicaciones de las derivadas parciales - 18. Integración multiple - 19. Introducción al cálculo de campos vectoriales - 20.Apéndice. | ||
| 041 | _aspa | ||
| 942 | _cBK | ||
| 590 | _aniveau_biblio:m niveau_hierar:0 | ||
| 100 | 1 | _aLeithold, Louis | |
| 700 | 1 | _aEroles Gómez, Antonio | |
| 856 | 4 | 1 |
_uhttps://biblioeco.unsa.edu.ar/pmb/images/libros/L125788.jpg _yImagen de portada _qimage/jpeg |
| 999 |
_c1182 _d1182 |
||